| 000 | 00317nam a22001097a 4500 | ||
|---|---|---|---|
| 082 | _a629.224 TRA'V | ||
| 100 |
_aVAUXHALL MOTOR _976689 |
||
| 245 | _aTRANSMISSION TRANSFER BOX PROPELLER SHAFTS REAR AXLE BEDFORD M-4X4 SERVICE TRAINING MANUAL | ||
| 260 |
_aENGLAND _bVAXUHALL MOTOR _c1970 |
||
| 300 | _a56P | ||
| 942 | _cBK | ||
| 999 |
_c582039 _d582039 |
||